00388 2200157 4500001002100000005001500021035002000036245004300056100002200099300001200121260004100133082000800174084001400182020002200196990001200218INLIS00000000000181020250506112458 a0010-05250001021 aFashion Ala Korea /cValentina Roswita0 aValentina Roswita a100 hlm aYogyakarta :bMedia pressindo,c2014 a600 a600 VAL f a978-979-911-319-1 a0754747